000 00291nam a22001337a 4500
008 181004b xxu||||| |||| 00| 0 eng d
020 _a9780521585842
041 _aeng
080 _a101
100 _a24
101 _aFIL
245 _aUntimely Meditations
_cBreazeale,D
942 _2udc
_cBK
999 _c48853
_d48853